000 00325nam a22001337a 4500
008 171004b xxu||||| |||| 00| 0 eng d
020 _a9780683002980
041 _aeng
080 _a159.9
100 _a48
101 _aPSI
245 _aLECIXON OF PSYCHIATRY, NEUROLOGY, AND THE NEUROSCIENCES
_cAYD, F.J
942 _2udc
_cBK
999 _c31556
_d31556